000 00383 a2200133 4500
005 20250628181153.0
020 _a978-0-7506-8371-5
100 _aREAD, C.
245 _aInternational Taxation Handbook: Policy, Practice, Standards, and Regulation
260 _aLondon
_bELSEVIER
_c2007
300 _axx, 370p.: ill; Table
_bIndex
_c24 cm
700 _aGREGORIOU, G. N
942 _2ddc
_cBKS
999 _c6154
_d6154